000 00308nam a22001337a 4500
020 _a81-89605-17-8
082 _a827
_bSAL/U
100 _aSALUJA, KULDEEP
245 _aTHE UNOFFICIAL JOKE BOOK OF JAMAICA
260 _aNOIDA
_bTHE BOOK FACTORY
_c2005
300 _a127
650 _aJOKES
_zINDIA
942 _cBK
999 _c5673
_d5673